Little leap forward: a boy in beijing (Record no. 137404)

000 -LEADER
fixed length control field 00359nam a2200121Ia 4500
008 - FIXED-LENGTH DATA ELEMENTS--GENERAL INFORMATION
fixed length control field 220120s9999||||xx |||||||||||||| ||und||
082 ## - DEWEY DECIMAL CLASSIFICATION NUMBER
Classification number 823 YUE
100 ## - MAIN ENTRY--PERSONAL NAME
Personal name Yue, Guo and Farrow, Clare
9 (RLIN) 11866
245 #0 - TITLE STATEMENT
Title Little leap forward: a boy in beijing
260 ## - PUBLICATION, DISTRIBUTION, ETC.
Place of publication, distribution, etc. Barefoot Books
Name of publisher, distributor, etc. NEw Delhi
Date of publication, distribution, etc. 2011
300 ## - PHYSICAL DESCRIPTION
Extent XII,826p.;28cm
Other physical details 0
650 ## - SUBJECT ADDED ENTRY--TOPICAL TERM
Topical term or geographic name entry element SIGNAL PROCESSING
9 (RLIN) 719
Holdings
Withdrawn status Lost status Damaged status Not for loan Collection code Home library Current library Date acquired Total Checkouts Full call number Barcode Date last seen Date last checked out Price effective from Koha item type
        Humanity Science Central Library Central Library 01/20/2022 2 823 YUE GF1263 05/26/2023 05/15/2023 01/20/2022 Gift Books

Powered by Koha